| 000 | 00588nam a2200193 i 4500 | ||
|---|---|---|---|
| 001 | 75787 | ||
| 003 | ES-MaACL | ||
| 005 | 20260303141308.0 | ||
| 007 | t| | ||
| 008 | 040927s1976 sp ||||1| spa d | ||
| 100 | 1 |
_aGuarner, Luis. _960341 |
|
| 245 | 1 | 0 |
_aPoesía y verdad de Vicente W. Querol / _cLuis Guarner. |
| 260 |
_aValencia : _bInstitución Alfonso el Magnánimo, _c1976. |
||
| 300 |
_a352 p. 10 lám ; _c24 cm. |
||
| 600 | 1 | 4 |
_aQuerol, Vicente W. _994547 |
| 710 | 2 |
_aInstitució Alfons el Magnànim _9173001 |
|
| 852 |
_aES-MaACL _jE-9887 _bR.94474 |
||
| 999 |
_c75787 _d75787 |
||